[Event "Eu Team Ch"]
[Site "Batumi GEO"]
[Date "1999.12.02"]
[Round "4"]
[White "Huebner,R"]
[Black "Magem Badals,J"]
[Result "1/2-1/2"]
[WhiteElo "2599"]
[BlackElo "2528"]

1.c4 c6 2.d4 d5 3.Nc3 Nf6 4.Nf3 a6 5.cxd5 cxd5 6.Bf4 Nc6 7.Rc1 Bf5 8.e3 Rc8
9.Be2 e6 10.O-O Bd6 11.Na4 Bxf4 12.exf4 Bg4 13.a3 O-O 14.Nc5 Qb6 15.b4 Bxf3
16.Bxf3 a5 17.Rb1 axb4 18.axb4 Qc7 19.Qd2 b6 20.Na4 Qd6 21.Nc3 Ne7 22.Rfc1 Nf5
23.Nb5 Qd7 24.Be2 Ne4 25.Qb2 Rxc1+  1/2-1/2

[Event "Eu Team Ch"]
[Site "Batumi GEO"]
[Date "1999.12.02"]
[Round "4"]
[White "Miezis,N"]
[Black "Dizdarevic,E"]
[Result "1-0"]
[WhiteElo "2524"]
[BlackElo "2527"]

1.c4 c6 2.e4 d5 3.cxd5 cxd5 4.exd5 Nf6 5.Bb5+ Nbd7 6.Nc3 a6 7.Qa4 Rb8 8.Bxd7+ Nxd7
9.Nf3 b5 10.Qf4 Qb6 11.d3 Nf6 12.Be3 Qb7 13.Ne5 b4 14.Ne4 Qxd5 15.Rc1 Be6
16.Ng5 Qd8 17.Nxe6 fxe6 18.Qc4  1-0

[Event "Eu Team Ch"]
[Site "Batumi GEO"]
[Date "1999.12.03"]
[Round "5"]
[White "Romanishin,O"]
[Black "Magem Badals,J"]
[Result "1-0"]
[WhiteElo "2567"]
[BlackElo "2528"]

1.c4 c6 2.Nf3 d5 3.d4 Nf6 4.e3 a6 5.Nbd2 Bf5 6.Be2 e6 7.O-O Nbd7 8.Nh4 Bg6
9.c5 Qc7 10.f4 b6 11.cxb6 Qxb6 12.Nxg6 hxg6 13.Nf3 c5 14.Qa4 cxd4 15.exd4 Bd6
16.Ne5 Ke7 17.Nc6+ Kf8 18.Rf3 Ne4 19.Rb3 Qc7 20.Ne5 Nxe5 21.fxe5 Be7 22.Be3 Kg8
23.Rc1 Qd8 24.Qc6 a5 25.Qc7 Qf8 26.Bd3 Rh4 27.g3 Rg4 28.Be2 a4 29.Rd3 Rg5
30.Rc2 Rh5 31.Bxh5 gxh5 32.Kg2 Qe8 33.Qc6 Qb8 34.Qd7 Bg5 35.Bxg5 Nxg5 36.h4 Ne4
37.Rf3 Qe8 38.Qxe8+ Rxe8 39.Ra3  1-0

[Event "Eu Team Ch"]
[Site "Batumi GEO"]
[Date "1999.12.05"]
[Round "6"]
[White "Van Wely,L"]
[Black "Kobalija,M"]
[Result "1/2-1/2"]
[WhiteElo "2629"]
[BlackElo "2573"]

1.c4 c6 2.e4 d5 3.exd5 cxd5 4.d4 Nf6 5.Nc3 e6 6.Nf3 Be7 7.cxd5 Nxd5 8.Bd3 Nc6
9.O-O O-O 10.Qe2 Nf6 11.Rd1 Nb4 12.Bb1 b6 13.Ne5 Bb7 14.a3 Nbd5 15.Ne4 Nxe4
16.Qxe4 f5 17.Qf3 Bf6 18.Ba2 Rc8 19.Bd2 Qe7 20.Qe2 Rfd8 21.Bb3 Qe8 22.Rac1 Rxc1
23.Rxc1 Rc8 24.Re1 Bxe5 25.Qxe5 Kf7 26.h4 h6 27.Qe2 Rd8 28.Qf3 Kg8 29.Qg3 Kf8
30.h5 a5 31.Ba2 Qxh5 32.Rxe6 Qd1+ 33.Be1 Qxd4 34.Qg6 Qg4 35.Rxb6 Qxg6 36.Rxg6 Nf4
37.Rb6 Bxg2 38.Bb3 Bd5 39.Bxa5 Bxb3 40.Rxb3 Rd1+ 41.Kh2 Ke7 42.a4 g5 43.Rb6 Nd3
44.Kg2 Nf4+ 45.Kh2 Nd3 46.Kg2 Nf4+  1/2-1/2

[Event "Eu Team Ch (women)"]
[Site "Batumi GEO"]
[Date "1999.12.06"]
[Round "7"]
[White "Ioseliani,N"]
[Black "Rantanen,T"]
[Result "1/2-1/2"]
[WhiteElo "2504"]
[BlackElo "2082"]

1.c4 c6 2.e4 d5 3.exd5 cxd5 4.cxd5 Nf6 5.d4 Nxd5 6.Nc3 e6 7.Nf3 Be7 8.Bd3 O-O
9.O-O Nd7 10.Re1 N7f6 11.Ne5 Bd7 12.Bg5 h6 13.Bd2 Bc6 14.a3 Rc8 15.Qe2 Nxc3
16.bxc3 Qd5 17.f3 Qd8 18.Qf2 Nd7 19.Nxc6 Rxc6 20.Qe2 Nf6 21.Kh1 Bd6 22.c4 a6
23.g3 Re8 24.a4 e5 25.d5 Rc8 26.Bf5 Rb8 27.Rac1 Qe7 28.Red1 b6 29.Bc3 Nd7
30.Bb1 Nf6 31.Re1 Qd7 32.Qb2 Qc7 33.Bd3 Qe7 34.Rc2 b5 35.axb5 axb5 36.c5 Bxc5
37.Rxe5 Qd6 38.Rxe8+ Rxe8 39.Qxb5 Qxd5 40.Kg2 Rc8 41.Bxf6 gxf6 42.Be4 Qe5
43.Rc4 f5 44.Bd3 Kg7 45.Rc2 Rc7 46.Re2 Qf6 47.Ra2 Qb6 48.Qxb6 Bxb6 49.Bxf5 Bd4
50.Be4 Ra7 51.Rc2 Re7 52.Kh3 Ra7 53.Kg4 Re7 54.Rc6 Ra7 55.Bf5 Ra5 56.Rc4 Be3
57.Be4 Rg5+ 58.Kh4 Rc5 59.Ra4 Bg1 60.Kh3 Rh5+ 61.Kg2 Be3 62.f4 Rc5 63.Kf3 Rc3
64.Kg4 Bg1 65.Ra2 Rc4 66.Bf3 Rc3 67.f5 Rc4+ 68.Kh5 Rc3 69.Bg4 Rc6 70.h4 Rc3
71.Ra6 Bd4 72.Ra4  1/2-1/2

[Event "FSGM December"]
[Site "Budapest HUN"]
[Date "1999.12.12"]
[Round "9"]
[White "Csom,I"]
[Black "Lipinsky,F"]
[Result "1/2-1/2"]
[WhiteElo "2472"]
[BlackElo "2331"]

1.c4 c6 2.d4 d5 3.Nd2 Nf6 4.Ngf3 Bf5 5.Nh4 Bc8 6.g3 dxc4 7.Nhf3 b5 8.Bg2 Bb7
9.O-O e6 10.Qc2 Na6 11.b3 Nb4 12.Qb2 cxb3 13.Nxb3 Nbd5 14.Ne5 Bb4 15.Qc2 O-O
16.e4 Ne7 17.Bg5 Rc8 18.Nd3 Ba3 19.Bxf6 gxf6 20.Nf4 Ng6 21.Nh5 Be7 22.f4 f5
23.exf5 exf5 24.Qxf5 Rc7 25.Rac1 Bc8 26.Qe4 Bg4 27.Bf3 Bxh5 28.Bxh5 Bf6 29.Rfd1 Ne7
30.Bf3 Rd7 31.Kh1 a5 32.Qe1 a4 33.Na5 Re8 34.Qb4 Rxd4 35.Rxd4 Qxd4 36.Qxd4 Bxd4
37.Nxc6  1/2-1/2

[Event "ch-RUS KO"]
[Site "Moscow RUS"]
[Date "1999.12.15"]
[Round "1.1"]
[White "Aseev,K"]
[Black "Akselrod,V"]
[Result "1-0"]
[WhiteElo "2533"]
[BlackElo "2432"]

1.c4 c6 2.d4 d5 3.Nf3 Nf6 4.Nc3 a6 5.e3 b5 6.b3 e6 7.Bd3 Nbd7 8.O-O Be7 9.Qe2 O-O
10.Rd1 Bb7 11.Bb2 Qb8 12.Rab1 Re8 13.e4 b4 14.Na4 dxe4 15.Bxe4 Qf4 16.Bc2 c5
17.Ne5 Nxe5 18.dxe5 Ng4 19.g3 Qf3 20.Qxf3 Bxf3 21.Re1 h5 22.Bd1 Bxd1 23.Rbxd1 Rad8
24.Kg2 Nh6 25.h3 Kh7 26.Kf3 Nf5 27.g4 Nh4+ 28.Kg3 Ng6 29.Rf1 h4+ 30.Kf3 Rf8
31.Ke4 f5+ 32.exf6 gxf6 33.f4 f5+ 34.gxf5 Rxf5 35.Rxd8 Bxd8 36.Bc1 Bf6 37.Be3 Be7
38.Rd1 Nf8 39.Nb6 Kg6 40.Nc8 Kf7 41.Rd6 Nh7 42.Rxa6 Nf6+ 43.Kf3 Bf8 44.Nd6+ Bxd6
45.Rxd6 e5 46.Rc6 e4+ 47.Kf2 Nh5 48.Rxc5 Rxc5 49.Bxc5 Nxf4 50.Ke3 Nxh3 51.Bxb4 Ng5
52.Bd6 Ke6 53.Bf4 Kf5 54.c5 Ne6 55.Bd6 Nd8 56.b4 h3 57.Bh2 Nc6 58.b5 Nb4
59.c6 Nc2+ 60.Kd2 Na3 61.c7 Nc4+ 62.Ke2 Nb6 63.a4  1-0

[Event "Vikings GMB"]
[Site "York ENG"]
[Date "1999.12.16"]
[Round "4"]
[White "McNab,C"]
[Black "Summerscale,A"]
[Result "1/2-1/2"]
[WhiteElo "2445"]
[BlackElo "2423"]

1.c4 c6 2.Nf3 d5 3.e3 Nf6 4.Nc3 e6 5.b3 Nbd7 6.Bb2 Bd6 7.d4 O-O 8.Be2 b6
9.O-O Bb7 10.Qc2 c5 11.cxd5 exd5  1/2-1/2

[Event "ch-ROM"]
[Site "Lasi ROM"]
[Date "1999.12.18"]
[Round "6"]
[White "Ionescu,Co"]
[Black "Dumitrache,D"]
[Result "1-0"]
[WhiteElo "2434"]
[BlackElo "2439"]

1.c4 c6 2.d4 d5 3.Nf3 e6 4.Qc2 Nf6 5.Nbd2 b6 6.e4 Nxe4 7.Nxe4 dxe4 8.Qxe4 Bb7
9.Bd3 Nd7 10.O-O Be7 11.Bd2 Nf6 12.Qe2 c5 13.dxc5 bxc5 14.Bc3 O-O 15.Rad1 Qc7
16.Ne5 Rfd8 17.Qe3 Nd7 18.Qg3 Bf8 19.Nxf7 Qxg3 20.fxg3 Re8 21.Ng5 Nf6 22.Bxf6 gxf6
23.Nxh7  1-0

[Event "ch-ROM (women)"]
[Site "Lasi ROM"]
[Date "1999.12.22"]
[Round "8"]
[White "Trofim,G"]
[Black "Ionescu Brandis,I"]
[Result "1/2-1/2"]
[WhiteElo "2029"]
[BlackElo "2224"]

1.c4 c6 2.d4 d5 3.cxd5 cxd5 4.Nc3 Nf6 5.Bf4 Nc6 6.Nf3 a6 7.e3 Bg4 8.h3 Bxf3
9.Qxf3 e6 10.a3 Be7 11.Bd3 O-O 12.O-O Na5 13.Be5 Nd7 14.Bf4 Rc8 15.Ne2 Nc4
16.Bxc4 Rxc4 17.Rac1 b5 18.e4 dxe4 19.Qxe4 Nf6 20.Qb7 Nd5 21.Rxc4 bxc4 22.Qxa6 Nxf4
23.Nxf4 Qxd4 24.Qb7 Bd6 25.Ne2 Qe5 26.Ng3 h5 27.Rd1 Bc5 28.Qf3 Qxb2 29.Nxh5 Qe5
30.Rc1 Rb8 31.Qg3 Qxg3 32.Nxg3 Rc8 33.a4 Bb4 34.Kf1 Kf8 35.Ke2 Ke7 36.Ne4 f5
37.Nd2 c3 38.Nf3 Kd6 39.Kd3 e5 40.Kc2 e4 41.Nd4 Ke5 42.Ne2 f4 43.Rb1 Bc5
44.Rb5 e3 45.fxe3 fxe3 46.Kxc3 Ke4 47.Ng3+ Kf4 48.Ne2+ Ke4 49.Ng3+  1/2-1/2

[Event "Young Masters"]
[Site "Groningen NED"]
[Date "1999.12.23"]
[Round "5"]
[White "Payen,A"]
[Black "Smeets,J"]
[Result "1-0"]
[WhiteElo "2373"]
[BlackElo "2193"]

1.c4 c6 2.d4 d5 3.Nf3 e6 4.Nbd2 Nf6 5.e3 Nbd7 6.Bd3 Be7 7.O-O b6 8.b3 Bb7
9.Bb2 Qc7 10.Rc1 Rd8 11.Qe2 h6 12.Ne5 Nxe5 13.dxe5 Nd7 14.cxd5 Nxe5 15.Bxe5 Qxe5
16.dxc6 Ba8 17.Nf3 Qc7 18.Nd4 Bc5 19.Qg4 O-O 20.Qe4 g6 21.b4 Bxd4 22.exd4 Rd5
23.b5 Rfd8 24.Qe3 Rxd4 25.Be2 a6 26.bxa6 Ra4 27.Rc2 Rd5 28.Rfc1 b5 29.Qb3 Ra5
30.h3 Rg5 31.a7 Qxa7 32.h4 Rf5 33.Bg4 Rf4 34.c7 Rxg4 35.c8=Q+ Kh7  1-0

[Event "ch-ROM"]
[Site "Lasi ROM"]
[Date "1999.12.24"]
[Round "12"]
[White "Badea,B"]
[Black "Negulescu,A"]
[Result "1-0"]
[WhiteElo "2479"]
[BlackElo "2440"]

1.c4 c6 2.Nf3 d5 3.b3 Bg4 4.e3 Nf6 5.Bb2 e6 6.h3 Bxf3 7.Qxf3 Nbd7 8.Nc3 dxc4
9.bxc4 e5 10.g4 h6 11.h4 Nc5 12.g5 hxg5 13.hxg5 Rxh1 14.Qxh1 Ng8 15.Qh7 Ne7
16.Ne4 Ng6 17.Nxc5 Bxc5 18.Qxg7 Qxg5 19.O-O-O Bf8 20.Qh7 Qh6 21.Qxh6 Bxh6
22.Bd3 Bg7 23.Rg1 Rd8 24.Bxg6 fxg6 25.Rxg6 Kf7 26.Rg4 Bh8 27.Re4 Ke6 28.Rh4 Bf6
29.Rh7  1-0

[Event "Weihnachtsopen"]
[Site "Zurich SUI"]
[Date "1999.12.27"]
[Round "2"]
[White "Ekstroem,R"]
[Black "Illi,HJ"]
[Result "1-0"]
[WhiteElo "2501"]
[BlackElo "2198"]

1.c4 c6 2.e4 e5 3.Nf3 d6 4.d4 Bg4 5.Be2 Nd7 6.O-O Ngf6 7.Nc3 Be7 8.Be3 O-O
9.d5 c5 10.Ne1 Bxe2 11.Qxe2 Ne8 12.Qd2 g6 13.Nd3 Ng7 14.f4 a6 15.f5 g5 16.a4 Nb6
17.b3 a5 18.g4 Nd7 19.Kf2 Nf6 20.Rg1 h6 21.h4 Nh7 22.Rg2 gxh4 23.Bxh6 Bg5
24.Bxg5 Qxg5 25.Qxg5 Nxg5 26.Rh2 h3 27.Kg3 Ne8 28.Nf2 Nf6 29.Nxh3 Ngxe4+
30.Nxe4 Nxe4+ 31.Kf3 Nf6 32.g5 Nh7 33.f6 e4+ 34.Ke3  1-0

[Event "AUT-chT 9899"]
[Site "AUT"]
[Date "1999.??.??"]
[Round "?"]
[White "Teske, Henrik"]
[Black "Volkmann, Friedrich"]
[Result "1/2-1/2"]
[WhiteElo "2475"]
[BlackElo "2415"]

1.c4 c6 2.Nf3 d5 3.d4 Nf6 4.Nc3 e6 5.Bg5 Nbd7 6.cxd5 exd5 7.e3 Be7 8.Qc2 Nh5
9.Bxe7 Qxe7 10.O-O-O g6 11.h3 Ndf6 12.Bd3 Be6 13.Kb1 O-O-O 14.Ka1 Kb8 15.Rb1 Ng7
16.b4 Bf5 17.Rhd1 Bxd3 18.Rxd3 Ne4 19.Na4 Rc8 20.Rdb3 Ne8 21.Ne5 f6 22.Nd3 N8d6
23.Ndc5 Rhe8 24.Nc3 Nxc3 25.Rxc3 b6 26.Na6+ Kb7 27.Nc5+ Kb8 28.Na6+ Kb7 29.Nc5+  1/2-1/2

[Event "AUT-chT 9899"]
[Site "AUT"]
[Date "1999.??.??"]
[Round "?"]
[White "Teske, Henrik"]
[Black "Herndl, Harald"]
[Result "1-0"]
[WhiteElo "2475"]
[BlackElo "2370"]

1.c4 c6 2.e4 e5 3.Nc3 Bb4 4.Nge2 d6 5.g3 Nf6 6.Bg2 O-O 7.Qb3 Na6 8.O-O Bxc3
9.Qxc3 Nc5 10.f3 Ne6 11.d4 c5 12.dxc5 dxc5 13.Qxe5 Qd3 14.Nf4 Qxc4 15.Nxe6 Bxe6
16.b3 Nd7 17.Qd6 Qb5 18.Rd1 Rac8 19.Be3 Rfe8 20.Bf2 Rc6 21.Qd2 Ne5 22.Rab1 f6
23.Kh1 Rc7 24.Qc2 b6 25.f4 Nc6 26.Rd6 c4 27.e5 Nb4 28.bxc4 Rxc4 29.Qd1 Bf5
30.Rd5 Qc6 31.Rd4 Qc8 32.Qb3 b5 33.Rxc4 bxc4 34.Qxb4 Bxb1 35.Bd5+ Kh8 36.Qxb1 fxe5
37.f5 Rd8 38.Qe4 c3 39.Bb3 c2 40.Bxc2 Rd2 41.Bc5 Qc7 42.Bb3 h6 43.Be3 Qc1+
44.Bg1 Qc7 45.g4 a5 46.Qa8+ Rd8 47.Qf3 Qe7 48.Bb6 Rc8 49.Bxa5 e4 50.Qe3 Qh4
51.h3 h5 52.g5 Kh7 53.Kg2  1-0

[Event "AUT-chT 9899"]
[Site "AUT"]
[Date "1999.??.??"]
[Round "?"]
[White "Duer, Arne"]
[Black "Lipinsky, Fabian"]
[Result "1/2-1/2"]
[WhiteElo "2380"]
[BlackElo "2395"]

1.c4 c6 2.d4 d5 3.e3 Nf6 4.Nf3 Bf5 5.Nc3 e6 6.Bd3 Bxd3 7.Qxd3 Nbd7 8.O-O dxc4
9.Qxc4 Bd6 10.e4 e5 11.Bg5 O-O 12.Rad1 Qe7 13.Qe2 Bb4 14.dxe5 Nxe5 15.Nd4 Ned7
16.Rfe1 Rfe8 17.Qf3 Qf8 18.Nf5 Re6  1/2-1/2

[Event "Bad Woerishofen op"]
[Site "Bad Woerishofen"]
[Date "1999.??.??"]
[Round "5"]
[White "Miezis, Normunds"]
[Black "Heinbuch, Detlef"]
[Result "1/2-1/2"]
[WhiteElo "2525"]
[BlackElo "2383"]

1.c4 c6 2.e4 d5 3.cxd5 cxd5 4.exd5 Nf6 5.Bb5+ Nbd7 6.Nc3 a6 7.Qa4 g6 8.Nf3 Bg7
9.d4 O-O 10.Bxd7 Nxd7 11.O-O b5 12.Qb3 Nb6 13.Re1 Bb7 14.Bg5 Re8 15.Rad1 Nxd5
16.Ne4 Qb6 17.Bh4 a5 18.Ne5 a4 19.Qg3 Nf6 20.Nc5 Bd5 21.a3 Rad8 22.Qc3 Ba8
23.f3 Nd5 24.Qc1 Qa7 25.Bf2 Nb6 26.h4 Bd5 27.Qf4 Nc4 28.Ned3 Qb8 29.Qc1 Na5
30.Qc3 Nc4 31.Qc1 Qa7 32.h5 Na5 33.Qf4 Qb8 34.hxg6 hxg6 35.Qh4 Bf6 36.Qh6 Bg7
37.Qe3 Nc4 38.Qc1 Qa7 39.Ne5 Rc8 40.Ned3 Red8 41.Qf4 Qc7 42.Qg5 Bf6 43.Qh6 Bg7
44.Qg5  1/2-1/2

[Event "ATL-ch"]
[Site "Barranquilla"]
[Date "1999.??.??"]
[Round "11"]
[White "Royett, Gustavo"]
[Black "Cifuentes, Danny"]
[Result "0-1"]
[WhiteElo "1930"]
[BlackElo "2005"]

1.c4 c6 2.e4 g6 3.Nc3 Bg7 4.Nge2 d6 5.h3 c5 6.g3 Nc6 7.Bg2 e6 8.d3 Nge7 9.O-O O-O
10.Be3 f5 11.Qd2 Rf7 12.Rad1 e5 13.Bg5 Be6 14.Nd5 Qd7 15.Kh2 Rb8 16.a4 b6
17.Nxe7+ Nxe7 18.Nc3 Nc6 19.Be3 a6 20.b3 f4 21.gxf4 exf4 22.Bxf4 Bxc3  0-1

[Event "Oberliga Bayern9899"]
[Site "Bayern"]
[Date "1999.??.??"]
[Round "?"]
[White "Mandl, Robert"]
[Black "Duer, Werner"]
[Result "1-0"]
[WhiteElo "2365"]
[BlackElo "2185"]

1.c4 c6 2.Nf3 d5 3.Qc2 Nf6 4.g3 Bg4 5.Bg2 e6 6.O-O Nbd7 7.b3 Bd6 8.Bb2 O-O
9.d3 Qe7 10.h3 Bh5 11.a3 e5 12.Nh4 Bg6 13.b4 a5 14.c5 Bc7 15.e4 Rfc8 16.Nc3 dxe4
17.Nxg6 hxg6 18.Nxe4 Nxe4 19.Bxe4 Nf6 20.Bg2 Rd8 21.b5 cxb5 22.Bxb7 Rab8
23.Bg2 Nd5 24.Rfe1 b4 25.Qc4 Qe6 26.Rac1 f6 27.d4 bxa3 28.Bxa3 Qf7 29.dxe5 Bxe5
30.c6 Nc7 31.f4 Bd4+ 32.Kh2 Qxc4 33.Rxc4 Bb6 34.Rc2 Rd3 35.Bb2 a4 36.Bf1 Re3
37.Bc4+ Kh7 38.Rxe3 Bxe3 39.Ba3 Rb1 40.Kg2 Bb6 41.Rd2 Nb5 42.Bxb5 Rxb5 43.Bd6 Ra5
44.Rb2 a3 45.Bxa3 Rxa3 46.Rxb6 Rc3 47.g4 g5 48.fxg5 fxg5 49.Ra6 Kg8 50.Ra8+ Kf7
51.Rc8 Rc2+ 52.Kf3 Rc3+ 53.Ke4 Ke6 54.Kd4 Rxh3 55.Rd8  1-0

[Event "Regionalliga NW9899"]
[Site "Bayern"]
[Date "1999.??.??"]
[Round "?"]
[White "Ruetzel, Wolfgang"]
[Black "Kress, Manfred"]
[Result "0-1"]
[WhiteElo "2065"]
[BlackElo "2005"]

1.c4 c6 2.Nf3 d5 3.b3 Bg4 4.Bb2 e6 5.g3 Nf6 6.Bg2 Be7 7.O-O O-O 8.d3 Nbd7
9.Nbd2 Ne8 10.Qc2 Bf6 11.e4 Bxb2 12.Qxb2 Qf6 13.Qc2 d4 14.h3 Bxf3 15.Nxf3 e5
16.Nh2 Qg6 17.Qe2 Nc7 18.Qe1 Qd6 19.f4 Rae8 20.f5 f6 21.g4 h6 22.h4 b5 23.Qg3 bxc4
24.bxc4 Qa3 25.Rf3 Rb8 26.g5 hxg5 27.hxg5 fxg5 28.Qxg5 Nf6 29.Rg3 Nce8 30.Ng4 Nxg4
31.Qxg4 Qc3 32.Rf1 Rf6 33.Rh3 Qd2 34.Rff3 Rb2 35.Bf1 Rh6 36.Rxh6 Qxh6 37.Qg3 Qd2
38.Qxe5 Nf6 39.Qe6+ Kf8 40.Qd6+ Kf7 41.Qg3 Rxa2 42.e5 Ng4 43.e6+ Kf6 44.Qh4+ Qg5
45.Qxg5+ Kxg5 46.Rg3 Ra1 47.Rxg4+ Kxg4 48.Kf2 Ra5 49.Bg2 Rxf5+ 50.Kg1 Re5
51.Bxc6 Kg3 52.Kf1 Rxe6 53.Bd5 Re5 54.Bc6 a5 55.Bd7 g5  0-1

[Event "Regionalliga SO9899"]
[Site "Bayern"]
[Date "1999.??.??"]
[Round "?"]
[White "Gschwendtner, Stanislav"]
[Black "Schweiger, Georg"]
[Result "1/2-1/2"]
[WhiteElo "2035"]
[BlackElo "2155"]

1.c4 c6 2.Nf3 d5 3.g3 Nf6 4.b3 Bf5 5.Bg2 e6 6.Bb2 Be7 7.O-O h6 8.d3 O-O 9.Nbd2 Nbd7
10.Qc2 Bh7 11.a3 a5 12.Bc3 b5 13.cxb5 cxb5 14.b4 a4 15.Qb2 Qb6 16.Rac1 Rfc8  1/2-1/2

[Event "Regionalliga SO9899"]
[Site "Bayern"]
[Date "1999.??.??"]
[Round "?"]
[White "Larcher, Hans"]
[Black "Juettner, Andreas"]
[Result "0-1"]
[WhiteElo "1995"]
[BlackElo "1980"]

1.c4 c6 2.Nc3 d5 3.e3 Nf6 4.Nf3 g6 5.cxd5 cxd5 6.Bb5+ Bd7 7.Qb3 e6 8.O-O Nc6
9.d3 a6 10.Bxc6 Bxc6 11.Bd2 Bg7 12.Rac1 O-O 13.Ne5 Rc8 14.Ne2 Nd7 15.Nxd7 Qxd7
16.Bc3 Ba4 17.Qb4 Bb5 18.Bxg7 Kxg7 19.Qd4+ f6 20.f4 Qd6 21.Nc3 Bc6 22.Qb6 Qd7
23.Ne2 e5 24.fxe5 fxe5 25.d4 Qe7 26.Nc3 Rfe8 27.Rf2 Kg8 28.Qb3 Rcd8 29.dxe5 Qxe5
30.e4 Kh8 31.exd5 Qe3 32.dxc6 Qxc1+ 33.Rf1 Re1 34.Qf7 Rxf1+ 35.Qxf1 Qxf1+
36.Kxf1 bxc6 37.Ke2 Kg7 38.Na4 Rd4 39.Nc5 Rc4 40.Ne6+ Kf6 41.Kd3 Rg4 42.Nd8 Rxg2
43.Kc3 Rxh2 44.Nxc6 h5 45.a4 Re2 46.b4 h4 47.Kd3 Re8 48.b5 axb5  0-1

[Event "Regionalliga NW9899"]
[Site "Bayern"]
[Date "1999.??.??"]
[Round "?"]
[White "Brauner, Lucas"]
[Black "Wambach, Juergen"]
[Result "1-0"]
[WhiteElo "1880"]
[BlackElo "2000"]

1.c4 c6 2.Nc3 d5 3.cxd5 cxd5 4.d4 Nf6 5.Bf4 Nc6 6.e3 Bf5 7.Nf3 e6 8.Rc1 Be7
9.Be2 Ne4 10.O-O O-O 11.Nxe4 Bxe4 12.Ne5 Nxe5 13.Bxe5 Rc8 14.Qa4 a6 15.b4 f6
16.Bg3 Kf7 17.f3 Bf5 18.Kf2 Qb6 19.a3 Rfd8 20.Rfd1 h5 21.h3 g5 22.Bh2 h4
23.Re1 Kf8 24.Red1 Kf7 25.Rh1 Kf8 26.Qb3 Bd6 27.Bxd6+ Qxd6 28.Rhd1 Qd7 29.Rc5 b6
30.Rc3 Rxc3 31.Qxc3 Rc8 32.Qb2 Rc2 33.Qb3 Qc6 34.Ke1 b5 35.Rd2 Rc3 36.Qb2 Rxe3
37.Rd1 Qc3+ 38.Qxc3 Rxc3 39.Ra1 Ke7 40.a4 Bd3 41.Kd2 Bxe2 42.Kxc3 bxa4 43.Rxa4 e5
44.Ra1 Ke6 45.Kd2 Bc4 46.Ke3 f5 47.Re1 e4 48.f4 Kf6 49.Rg1 Kg6 50.g4 gxf4+
51.Kxf4 fxg4 52.Rxg4+ Kh5 53.Rg5+ Kh6 54.Re5 Bf1 55.Kg4 Bc4 56.Kxh4 Kg6 57.Kg4 Kf6
58.h4 Kg6 59.h5+ Kh6 60.Re6+ Kg7 61.Kg5 Bb5 62.Re7+  1-0

[Event "Regionalliga NO9899"]
[Site "Bayern"]
[Date "1999.??.??"]
[Round "?"]
[White "Tiefenbach, Wilfried"]
[Black "Greul, Hans"]
[Result "1-0"]
[WhiteElo "2010"]
[BlackElo "2055"]

1.c4 c6 2.e4 d5 3.exd5 cxd5 4.cxd5 Qxd5 5.Nc3 Qa5 6.Nf3 Nf6 7.Bc4 e6 8.O-O Be7
9.d4 O-O 10.Bf4 a6 11.Re1 b5 12.Bb3 b4 13.Na4 Bb7 14.Rc1 Nbd7 15.Ne5 Nxe5
16.Rxe5 Bd5 17.Nc5 Rac8 18.Be3 Bxb3 19.axb3 Bxc5 20.Rexc5 Rxc5 21.dxc5 Nd5
22.Bd4 Ne7 23.Ra1 Qb5 24.Qf1 Qxf1+ 25.Kxf1 Nc6 26.Be3 a5 27.Rd1 Rd8 28.Rxd8+ Nxd8
29.Ke2 Kf8 30.Kd3 Nc6 31.Kc4 Na7 32.Bf4 Ke8 33.Bc7 Nc6 34.Kb5 Nd4+ 35.Kxa5 Kd7
36.Bd6 Nxb3+ 37.Kxb4 Nd4 38.Kc4 Nf5 39.Bf4 Ne7 40.b4 Nd5 41.Bd2 h5 42.b5 Kc7
43.Ba5+ Kd7 44.c6+ Kd6 45.Bb4+ Kc7 46.Kc5  1-0

[Event "Regionalliga NO9899"]
[Site "Bayern"]
[Date "1999.??.??"]
[Round "?"]
[White "Ruppert, Juergen"]
[Black "Blunk, Dieter"]
[Result "1-0"]
[WhiteElo "1885"]
[BlackElo "1870"]

1.c4 c6 2.Nc3 d5 3.cxd5 cxd5 4.d4 Nc6 5.Nf3 Nf6 6.Bf4 e6 7.e3 Bd6 8.Bxd6 Qxd6
9.Rc1 O-O 10.Bd3 Ne8 11.Ng5 f5 12.f4 Nf6 13.h3 Nxd4 14.exd4 Qxf4 15.Nf3 Qg3+
16.Kf1 Ne4 17.Qe1 Bd7 18.Bxe4 Qxe1+ 19.Kxe1 fxe4 20.Ne5 Be8 21.Rf1 Rf6 22.Rf2 h5
23.h4 b5 24.Rfc2 b4 25.Ne2 Bb5 26.Rc8+ Rf8 27.Rxa8 Rxa8 28.Kd2 Rf8 29.Ke3 g5
30.hxg5 Bxe2 31.Kxe2 Rf5 32.g6 Rg5 33.Kf2 h4 34.Kg1 Rg3 35.Kh2 a5 36.Rc8+ Kg7
37.Rc7+ Kg8 38.Rh7 e3 39.Rc7 e2 40.Rc1 Re3 41.Re1 Kg7 42.Kg1 a4 43.Kf2 Re4
44.Nf3 Kxg6 45.Rxe2 Kf5 46.Rxe4 Kxe4 47.Ke2 Kf4 48.Nxh4 Kg4 49.Ke3  1-0

[Event "Landesliga Sued 9899"]
[Site "Bayern"]
[Date "1999.??.??"]
[Round "?"]
[White "Stoer, Andreas"]
[Black "Bintakis, Michael"]
[Result "1-0"]
[WhiteElo "2150"]
[BlackElo "2130"]

1.c4 c6 2.Nc3 d5 3.d4 Nf6 4.Nf3 a6 5.e3 b5 6.cxd5 cxd5 7.Be2 e6 8.O-O Nbd7
9.Bd3 Bb7 10.Qe2 Be7 11.e4 dxe4 12.Nxe4 Nxe4 13.Bxe4 Bxe4 14.Qxe4 O-O 15.Bd2 Nf6
16.Qb7 Qd7 17.Qxd7 Nxd7 18.Rfc1 Rfc8 19.Kf1 Nb6 20.Ne5 Bf6 21.Ba5 Nc4 22.Bc3 Bxe5
23.dxe5 Rc5 24.a4 Rd8 25.axb5 axb5 26.Rd1 Rxd1+ 27.Rxd1 h6 28.Re1 g5 29.b3 Nb6
30.Bd4 Rc6 31.Bxb6 Rxb6 32.Rc1 Kg7 33.Ke2 f6 34.Rc7+ Kg6 35.exf6 Kxf6 36.Ke3 e5
37.Ke4 Rd6 38.Rb7 Rd4+ 39.Ke3 Rb4 40.Rb6+ Kg7 41.Re6 Rxb3+ 42.Ke2 Rb2+ 43.Kf3 Rb3+
44.Ke2 Rb2+ 45.Kf3  1-0

[Event "Landesliga Sued 9899"]
[Site "Bayern"]
[Date "1999.??.??"]
[Round "?"]
[White "Schuette, Manfred"]
[Black "Luft, Martin"]
[Result "0-1"]
[WhiteElo "2210"]
[BlackElo "2100"]

1.c4 c6 2.Nf3 d5 3.e3 Nf6 4.Nc3 g6 5.Be2 Bg7 6.O-O dxc4 7.Bxc4 O-O 8.a4 c5
9.h3 Nc6 10.d4 cxd4 11.exd4 e6 12.Re1 Ne7 13.Bg5 h6 14.Bh4 Nf5 15.Bxf6 Qxf6
16.Ne5 Qd8 17.d5 Qc7 18.Nb5 Qb6 19.dxe6 Bxe6 20.Bxe6 Qxe6 21.Nd7 Qc6 22.Rc1 Qa6
23.Nxf8 Rxf8 24.Rc7 Qb6 25.Qd5 a6 26.Rxb7 Qa5 27.Nc7 Qxe1+  0-1

[Event "Landesliga Sued 9899"]
[Site "Bayern"]
[Date "1999.??.??"]
[Round "?"]
[White "Rubke, Manfred"]
[Black "Schoenau, Helmut"]
[Result "0-1"]
[WhiteElo "2170"]
[BlackElo "2055"]

1.c4 c6 2.Nf3 d5 3.g3 Nf6 4.Bg2 Bf5 5.b3 e6 6.Bb2 Be7 7.d3 O-O 8.Nh4 Bg4
9.Nd2 Ne8 10.Nhf3 Bf6 11.d4 Bxf3 12.Bxf3 Nd6 13.c5 Nf5 14.e3 Nd7 15.Qc2 b6
16.b4 g6 17.O-O Re8 18.Nb3 bxc5 19.bxc5 e5 20.Bg4 e4 21.Bc3 Bg5 22.Bxf5 gxf5
23.Na5 Qf6 24.Kg2 Qh6 25.Rh1 Re6 26.Nb7 Rg6 27.Bd2 f4 28.exf4 Bxf4 29.Bxf4 Qxf4
30.Qe2 Qf6 31.Qe3 h5 32.h4 Kh7 33.f3 Rag8 34.Rh3 exf3+ 35.Qxf3 Qxd4 36.Qxh5+ Kg7
37.Rf1 Qb2+ 38.Rf2 Qxb7 39.Qf5 Rf6 40.Qc2 Rxf2+ 41.Qxf2 Qb4 42.h5 Qe4+ 43.Kh2 Ne5
44.Qb2 Kh7  0-1

[Event "Landesliga Nord 9899"]
[Site "Bayern"]
[Date "1999.??.??"]
[Round "?"]
[White "Bieber, Peter"]
[Black "Berreth, Marc"]
[Result "1-0"]
[WhiteElo "2010"]
[BlackElo "2080"]

1.c4 c6 2.Nc3 d5 3.d4 Nf6 4.Nf3 dxc4 5.e3 b5 6.a4 b4 7.Na2 e6 8.Bxc4 Nbd7
9.Bd2 a5 10.Nc1 Bb7 11.Nb3 Bd6 12.O-O O-O 13.Qe2 Ne4 14.Bd3 c5 15.Rfc1 cxd4
16.Nbxd4 Ne5 17.Bb5 Nxd2 18.Nxd2 Qh4 19.f4 Ng4 20.N2f3 Qh6 21.Bc6 Ba6 22.Bb5 Bxb5
23.Nxb5 Be7 24.Rc7 Bd8 25.Rc6 Nf6 26.g3 Nd5 27.Nbd4 Ne7 28.Rc4 Bb6 29.Ne5 Rfd8
30.Ndc6 Nd5 31.Ng4 Qh5 32.Nxd8 Bxe3+ 33.Kh1 Rxd8 34.Nf6+ Nxf6 35.Qxe3 Ng4
36.Qe2 Nf2+ 37.Qxf2 Rd1+ 38.Rxd1 Qxd1+ 39.Kg2 Qd5+ 40.Qf3  1-0

[Event "Landesliga Nord 9899"]
[Site "Bayern"]
[Date "1999.??.??"]
[Round "?"]
[White "Staub, Florian"]
[Black "Berreth, Marc"]
[Result "0-1"]
[WhiteElo "1955"]
[BlackElo "2080"]

1.c4 c6 2.Nf3 Nf6 3.g3 d5 4.Bg2 e6 5.O-O Nbd7 6.b3 Bd6 7.Bb2 O-O 8.Qc2 Re8
9.Nc3 e5 10.cxd5 Nxd5 11.d4 Nxc3 12.Qxc3 e4 13.Nd2 Nf6 14.Nc4 Bc7 15.Rac1 Bg4
16.Qc2 Bf5 17.Ne3 Bg6 18.Qc4 Bb6 19.b4 Qd7 20.a4 a6 21.Rfd1 Rad8 22.Qb3 h5
23.Nc4 Qd5 24.Qc3 Ba7 25.Bh3 h4 26.Ne5 hxg3 27.hxg3 Bh7 28.e3 Re7 29.Bf1 Bf5
30.b5 axb5 31.axb5 Ng4 32.Bc4 Qd6 33.Nxg4 Bxg4 34.d5 Qh6 35.f3 Bxe3+ 36.Kf1 Qh1+
37.Ke2 Qxf3+  0-1

[Event "Landesliga Sued 9899"]
[Site "Bayern"]
[Date "1999.??.??"]
[Round "?"]
[White "Hackbarth, Wolfgang"]
[Black "Brychcy, Felix"]
[Result "1/2-1/2"]
[WhiteElo "1990"]
[BlackElo "1835"]

1.c4 c6 2.Nf3 Nf6 3.g3 d5 4.d4 e6 5.Bg2 Nbd7 6.O-O Bd6 7.Nc3 O-O 8.e4 dxe4
9.Ng5 Re8 10.Ncxe4 Bf8 11.d5 exd5 12.cxd5 cxd5 13.Nxf7 Qb6 14.Nxf6+ Nxf6
15.Ng5 Be6 16.Be3 Qa6 17.Bd4 Rad8 18.Re1 Bg4 19.Qb3 Rxe1+ 20.Rxe1 Qc4 21.Qc3 Qxc3
22.bxc3 h6 23.Ne6 Re8 24.Bxf6 Bxe6 25.Rxe6 Rxe6 26.Bxd5 gxf6 27.Bxe6+ Kg7
28.Kf1 Kg6 29.Ke2 f5 30.Kd3 Kf6 31.Bc8 b6 32.Kc4 Bc5 33.f3 Be3 34.Kd5 Bc5
35.Ba6 Bg1 36.h3 h5 37.Kc6 Bf2 38.g4 fxg4 39.fxg4 hxg4 40.hxg4 Kg5 41.Kb7 Kxg4
42.Kxa7 Kf5 43.Kb7 Ke5 44.Kc6 Bc5 45.a4 Bg1 46.Bd3 Be3 47.Kb5 Kd6  1/2-1/2

[Event "Landesliga Sued 9899"]
[Site "Bayern"]
[Date "1999.??.??"]
[Round "?"]
[White "Hackbarth, Wolfgang"]
[Black "Strangmueller, Andreas"]
[Result "1/2-1/2"]
[WhiteElo "1990"]
[BlackElo "1930"]

1.c4 c6 2.d4 d5 3.Nf3 Nf6 4.Nc3 dxc4 5.a4 Bf5 6.e3 e6 7.Bxc4 Bb4 8.O-O Nbd7
9.Bd3 Bg6 10.Qc2 Bxd3 11.Qxd3 O-O 12.e4 Bxc3 13.bxc3 Nc5 14.Qc2 Ncxe4 15.c4 Nd6
16.Rb1 b6 17.Ne5 Nf5 18.Nxc6 Nxd4 19.Nxd4 Qxd4 20.Bb2 Qf4 21.g3 Qf3 22.Rfe1 Nd7
23.Re3 Qc6 24.Re4 f5 25.Rh4 Rac8 26.Qe2 Nf6 27.Re1 Rce8 28.Ra1  1/2-1/2